00367nam a2200121Ia 4500008004100000245006500041260002400106260000900130300000700139650002300146650001200169856006400181170516s9999 xx 000 0 und d aRole of bacterial biofertilizers in agriculture and forestry bAIMS Bioengineering c2015 a:3 xMedical Technology xMedtech uhttp://www.aimspress.com/journal/Bioengineering/2015/3.html